00849cam a22002291 4500001001300000003000400013005001700017008004100034010001700075035001900092040004700111042001200158050001700170100005100187245009500238260006700333300002700400490007600427650003100503700006800534999001700602e 31000356 DLC20260227111221.0830316s1931 nyu 000 0 eng c ae 31000356  a(OCoLC)9316422 aLibrary, U.S. Office of EducationcOUdDLC apremarc00aLB1777b.C681 aCoxe, Warren W.q(Warren Winfred),d1886-1956.10aStudy of the high school teacher in New York state,cby Warren W. Coxe ... Wayne W. Soper. aAlbany,bThe University of the state of New York press,c1931. a42 p.btables.c23 cm.0 aUniversity of the state of New York bulletinvno. 964. January 15, 1931 0aTeacherszNew York (State)1 aSoper, Wayne W.q(Wayne Wellington),d1891-1956,ejoint author. c21099d21099